000 00602nam a22001935i 4500
001 53759
003 ES-MaACL
005 20250630061939.0
007 t|
008 960705s1871 sp ||||1| spa d
100 1 _aFernández y González, Manuel,
_d1821-1888
_950183
245 1 3 _aEl guapo Francisco Estevan /
_cpor Manuel Fernández y González.
260 _aMadrid :
_b[s.n.],
_c1871 (
_fImp. de Diego Valero)
300 _a277, [3] p. ;
_c17 cm.
490 1 _aLeyendas nacionales
830 1 0 _aLeyendas nacionales
_9182457
852 _aES-MaACL
_jF-2904(1)
999 _c53759
_d53759